| 000 | 00407nam a2200181Ia 4500 | ||
|---|---|---|---|
| 001 | 9615 | ||
| 005 | 20260306161731.0 | ||
| 008 | 260306t2004||||xx |||||||||||||| ||spa|| | ||
| 041 | _aESP | ||
| 082 |
_a382.71 _bE36 2004 |
||
| 100 |
_aFairlie, Alan _eAUT |
||
| 245 | 0 | _aEl TLC en debate | |
| 260 | _c2004 | ||
| 300 |
_a320 páginas : _ccm. |
||
| 650 | _aGEN | ||
| 654 | _aCAN | ||
| 942 |
_cLIB _dJUS _fJUS _2ddc _n |
||
| 999 |
_c9615 _d9615 |
||